<?xml version="1.0" encoding="UTF-8"?>
<collection xmlns="http://www.loc.gov/MARC21/slim">
    <record>
        <controlfield tag="001">78736</controlfield>
        <controlfield tag="005">20190329103554.0</controlfield>
        <datafield tag="024" ind1="8" ind2=" ">
            <subfield code="2">sideral</subfield>
            <subfield code="a">108248</subfield>
        </datafield>
        <datafield tag="037" ind1=" " ind2=" ">
            <subfield code="a">ART-2016-108248</subfield>
        </datafield>
        <datafield tag="041" ind1=" " ind2=" ">
            <subfield code="a">cat</subfield>
        </datafield>
        <datafield tag="100" ind1=" " ind2=" ">
            <subfield code="0">(orcid)0000-0003-3091-7795</subfield>
            <subfield code="a">Delgado Orusco, Eduardo</subfield>
            <subfield code="u">Universidad de Zaragoza</subfield>
        </datafield>
        <datafield tag="245" ind1=" " ind2=" ">
            <subfield code="a">Arquitectura per una "Nova Evangelització". El monestir de Iesu Communio a La Aguilera, Burgos</subfield>
        </datafield>
        <datafield tag="260" ind1=" " ind2=" ">
            <subfield code="c">2016</subfield>
        </datafield>
        <datafield tag="506" ind1="0" ind2=" ">
            <subfield code="a">Access copy available to the general public</subfield>
            <subfield code="f">Unrestricted</subfield>
        </datafield>
        <datafield tag="520" ind1="3" ind2=" ">
            <subfield code="a">Fa més de trenta anys, en una visita al seu país d’origen, sant Joan Pau II va parlar per primera vegada del que en va dir una «Nova Evangelització». Aquesta expressió, que recollia la paternal preocupació del Concili Vaticà II —expressada en la constitució Gaudium et spes i en el decret Ad gentes—, es referia no tant a la necessitat d’un nou missatge com a les noves formes d’expressió que el Sant Pare anunciava profèticament que l’Església ha d’adoptar per portar el missatge de l’Evangeli a les persones i a les societars d’aquest convuls canvi de mil·lenni...</subfield>
        </datafield>
        <datafield tag="540" ind1=" " ind2=" ">
            <subfield code="9">info:eu-repo/semantics/openAccess</subfield>
            <subfield code="a">All rights reserved</subfield>
            <subfield code="u">http://www.europeana.eu/rights/rr-f/</subfield>
        </datafield>
        <datafield tag="655" ind1=" " ind2="4">
            <subfield code="a">info:eu-repo/semantics/article</subfield>
            <subfield code="v">info:eu-repo/semantics/publishedVersion</subfield>
        </datafield>
        <datafield tag="710" ind1="2" ind2=" ">
            <subfield code="1">5010</subfield>
            <subfield code="2">715</subfield>
            <subfield code="a">Universidad de Zaragoza</subfield>
            <subfield code="b">Unidad Predepartam. Arquitect.</subfield>
            <subfield code="c">Área Proyectos Arquitectónicos</subfield>
        </datafield>
        <datafield tag="773" ind1=" " ind2=" ">
            <subfield code="g">254 (2016), 49-62</subfield>
            <subfield code="p">Qüest. vida cristiana</subfield>
            <subfield code="t">Qüestions de vida cristiana</subfield>
            <subfield code="x">0214-7769</subfield>
        </datafield>
        <datafield tag="856" ind1="4" ind2="1">
            <subfield code="u">https://www.fundaciojoanmaragall.org/wp-content/uploads/QVC-254_Arquitectura-per-a-una-nova-evangelitzaci%C2%A6i_p%C3%A1g-49-62.pdf</subfield>
            <subfield code="z">Texto completo de la revista</subfield>
        </datafield>
        <datafield tag="856" ind1="4" ind2=" ">
            <subfield code="s">425586</subfield>
            <subfield code="u">http://zaguan.unizar.es/record/78736/files/texto_completo.pdf</subfield>
            <subfield code="y">Versión publicada</subfield>
        </datafield>
        <datafield tag="856" ind1="4" ind2=" ">
            <subfield code="s">41663</subfield>
            <subfield code="u">http://zaguan.unizar.es/record/78736/files/texto_completo.jpg?subformat=icon</subfield>
            <subfield code="x">icon</subfield>
            <subfield code="y">Versión publicada</subfield>
        </datafield>
        <datafield tag="909" ind1="C" ind2="O">
            <subfield code="o">oai:zaguan.unizar.es:78736</subfield>
            <subfield code="p">articulos</subfield>
            <subfield code="p">driver</subfield>
        </datafield>
        <datafield tag="951" ind1=" " ind2=" ">
            <subfield code="a">2019-03-29-08:28:13</subfield>
        </datafield>
        <datafield tag="980" ind1=" " ind2=" ">
            <subfield code="a">ARTICLE</subfield>
        </datafield>
    </record>

    
</collection>